| 000 | 00669nam a2200181Ia 4500 | ||
|---|---|---|---|
| 003 | GCL | ||
| 008 | 140319s9999 xx 000 0 ara d | ||
| 040 |
_aGCL / _cGCL |
||
| 082 | 0 | 4 |
_aق _b962.064 _bا ع |
| 100 | 1 | _aامين سعيد | |
| 245 | 1 | 0 |
_aالعدوان : 29 اكتوبر سنة 1956 - اول فبراير سنة 1958 / _cامين سعيد |
| 300 | _a440 ص | ||
| 490 |
_aسلسلة كتب تاريخ مصر السياسى الحديث _v0 |
||
| 650 | 0 | 4 | _aالاعتداء الثلاثى على مصر 1956 |
| 650 | 0 | 4 | _aمصر - الاحوال السياسية |
| 650 | 0 | 4 | _aمصر - تاريخ - العصر الحديث (1805 - 1956 ) |
| 942 |
_2ddc _cBK |
||
| 999 |
_c45757 _d45757 |
||